MARC

LEADER 00000nam0a2200000 4500
001 322775
005 20231102003515.0
035 |a (RuTPU)RU\TPU\book\348333 
090 |a 322775 
100 |a 20161004d1970 k y0rusy50 ca 
101 0 |a rus 
102 |a RU 
105 |a y z 000zb 
200 1 |a Энгельс - теоретик  |f Г. А. Багатурия [и др.] 
210 |a Москва  |c Политиздат  |d 1970 
215 |a 455 с. 
600 1 |a Энгельс  |g Фридрих  |b Ф.  |c немецкий мыслитель и общественный деятель  |c один из основоположников марксизма  |f 1820-1895  |2 stltpush  |3 (RuTPU)RU\TPU\pers\530 
606 1 |a Энгельс Ф., о нем  |x Жизнь и деятельность  |2 stltpush  |3 (RuTPU)RU\TPU\subj\39701  |9 59661 
610 1 |a марксизм 
610 1 |a марксистская теория 
610 1 |a марксистская философия 
610 1 |a диалектический материализм 
610 1 |a политическая экономия 
610 1 |a литературное наследие 
610 1 |a публикации 
610 1 |a письма 
686 |a Ю3(0)6-602.34  |v LBC/SL-A  |2 rubbk 
701 1 |a Багатурия  |b Г. А. 
701 1 |a Гольман  |b Л. И. 
701 1 |a Кедров  |b Б. М. 
701 1 |a Малыш  |b А. И. 
712 0 2 |a Институт марксизма-ленинизма (ИМЛ)  |c (Москва)  |c (1956-1991)  |2 stltpush  |3 (RuTPU)RU\TPU\col\4702 
801 1 |a RU  |b 63413507  |c 20161004 
801 2 |a RU  |b 63413507  |c 20161010  |g RCR 
942 |c BK